Sandra J. T. M. Evers, Constructing History, Culture and Inegality. The Betsileo in the Extreme Southern Highlands of Madagascar, Leiden, Brill, 2002, 241 p., bibl., gloss., index («African Social Studies Series» 4) (notice n° 1646002)
[ vue normale ]
| 000 -LEADER | |
|---|---|
| fixed length control field | 00631cam a2200145 4500500 |
| 005 - DATE AND TIME OF LATEST TRANSACTION | |
| control field | 20260208002353.0 |
| 041 ## - LANGUAGE CODE | |
| Language code of text/sound track or separate title | fre |
| 042 ## - AUTHENTICATION CODE | |
| Authentication code | dc |
| 100 10 - MAIN ENTRY--PERSONAL NAME | |
| Personal name | Blanchy, Sophie |
| Relator term | author |
| 245 00 - TITLE STATEMENT | |
| Title | Sandra J. T. M. Evers, Constructing History, Culture and Inegality. The Betsileo in the Extreme Southern Highlands of Madagascar, Leiden, Brill, 2002, 241 p., bibl., gloss., index («African Social Studies Series» 4) |
| 260 ## - PUBLICATION, DISTRIBUTION, ETC. | |
| Date of publication, distribution, etc. | 2005.<br/> |
| 500 ## - GENERAL NOTE | |
| General note | 22 |
| 786 0# - DATA SOURCE ENTRY | |
| Note | L'Homme | 175-176 | 3 | 2005-07-01 | p. 475zg-572zg | 0439-4216 |
| 856 41 - ELECTRONIC LOCATION AND ACCESS | |
| Uniform Resource Identifier | <a href="https://shs.cairn.info/revue-l-homme-2005-3-page-475zg?lang=fr&redirect-ssocas=7080">https://shs.cairn.info/revue-l-homme-2005-3-page-475zg?lang=fr&redirect-ssocas=7080</a> |
Pas d'exemplaire disponible.




Réseaux sociaux